000 00568nam a2200169 4500
001 139848
003 ES-MaACL
005 20230906195926.0
007 t|
008 070214s1967 sp r ||||1| spa d
100 1 _aSchlesinger, Arthur M. (
_d1917-2007)
_9104410
245 1 4 _aUna amarga herencia
_b: el Vietnam y la democracia americana : 1941-1966 /
_cArthur Meier Schlesinger ; [traducción Mónica Solá].
260 _aBarcelona :
_bLuanca,
_c1967.
300 _a179 p. ;
_c19 cm.
700 1 _aSolá, Mónica.
_9107047
852 _aES-MaACL
_jC-32139
_bR.62482
999 _c139848
_d139848